<?xml version="1.0" encoding="UTF-8"?>
<record
    xmlns:xsi="http://www.w3.org/2001/XMLSchema-instance"
    xsi:schemaLocation="http://www.loc.gov/MARC21/slim http://www.loc.gov/standards/marcxml/schema/MARC21slim.xsd"
    xmlns="http://www.loc.gov/MARC21/slim">

  <leader>01216nam a22002897a 4500</leader>
  <controlfield tag="005">20230822122426.0</controlfield>
  <controlfield tag="008">230822b       ch |||||||| |||| 00| 0 spa d</controlfield>
  <datafield tag="020" ind1=" " ind2=" ">
    <subfield code="a">9787508520254 [V.2]</subfield>
  </datafield>
  <datafield tag="020" ind1=" " ind2=" ">
    <subfield code="a">9787508520179 [V.4]</subfield>
  </datafield>
  <datafield tag="020" ind1=" " ind2=" ">
    <subfield code="a">9787508520261 [V.6]</subfield>
  </datafield>
  <datafield tag="020" ind1=" " ind2=" ">
    <subfield code="a">9787508520919 [V.8]</subfield>
  </datafield>
  <datafield tag="020" ind1=" " ind2=" ">
    <subfield code="a">9787508519296 [V.10]</subfield>
  </datafield>
  <datafield tag="020" ind1=" " ind2=" ">
    <subfield code="a">9787508520797 [V.12]</subfield>
  </datafield>
  <datafield tag="050" ind1="0" ind2="4">
    <subfield code="a">DS721</subfield>
    <subfield code="b">C56 2011</subfield>
  </datafield>
  <datafield tag="245" ind1="0" ind2="0">
    <subfield code="a">Series de China cultural</subfield>
    <subfield code="c">/ Jin Zhilin...[et al.].</subfield>
  </datafield>
  <datafield tag="250" ind1=" " ind2=" ">
    <subfield code="a">1a ed.</subfield>
  </datafield>
  <datafield tag="260" ind1=" " ind2=" ">
    <subfield code="a">Rep&#xFA;blica Popular China :</subfield>
    <subfield code="b">China Intercontinental Press,</subfield>
    <subfield code="c">2011.</subfield>
  </datafield>
  <datafield tag="300" ind1=" " ind2=" ">
    <subfield code="a">v. :</subfield>
    <subfield code="b">il. ;</subfield>
    <subfield code="c">23 cm.</subfield>
  </datafield>
  <datafield tag="505" ind1="1" ind2=" ">
    <subfield code="t">[V.2] El arte folkl&#xF3;rico de China.</subfield>
    <subfield code="r">/ Jin Zhilin.</subfield>
    <subfield code="t">[V.4] Fiestas tradicionales de China.</subfield>
    <subfield code="r">/ Wei Liming.</subfield>
    <subfield code="t">[V.6] Museos de China.</subfield>
    <subfield code="r">/ Li Xianyao, Luo Zhewen.</subfield>
    <subfield code="t">[V.8] La m&#xFA;sica china.</subfield>
    <subfield code="r">Jin Jie.</subfield>
    <subfield code="t">[V.10] Reliquias culturales de China.</subfield>
    <subfield code="r">/ Li Li ; traducido por Chen Gensheng.</subfield>
    <subfield code="t">[V.12] El T&#xE9; chino.</subfield>
    <subfield code="r">/ Liu Tong ; traducido por Yang Zhiping.</subfield>
  </datafield>
  <datafield tag="650" ind1=" " ind2="4">
    <subfield code="a">Cultura china</subfield>
  </datafield>
  <datafield tag="650" ind1=" " ind2="4">
    <subfield code="a">Caracter&#xED;sticas nacionales</subfield>
    <subfield code="z">China</subfield>
  </datafield>
  <datafield tag="651" ind1=" " ind2="7">
    <subfield code="2">lemb</subfield>
    <subfield code="a">China</subfield>
    <subfield code="x">Vida social y costumbres</subfield>
  </datafield>
  <datafield tag="700" ind1="1" ind2=" ">
    <subfield code="a">Zhilin, Jin,</subfield>
    <subfield code="e">autor</subfield>
  </datafield>
  <datafield tag="700" ind1="1" ind2=" ">
    <subfield code="a">Liming, Wei,</subfield>
    <subfield code="e">autor</subfield>
  </datafield>
  <datafield tag="700" ind1="1" ind2=" ">
    <subfield code="a">Xianyao, Li,</subfield>
    <subfield code="e">autor</subfield>
  </datafield>
  <datafield tag="942" ind1=" " ind2=" ">
    <subfield code="2">lcc</subfield>
    <subfield code="c">LIB</subfield>
  </datafield>
  <datafield tag="999" ind1=" " ind2=" ">
    <subfield code="c">112397</subfield>
    <subfield code="d">112397</subfield>
  </datafield>
  <datafield tag="952" ind1=" " ind2=" ">
    <subfield code="1">0</subfield>
    <subfield code="2">lcc</subfield>
    <subfield code="4">0</subfield>
    <subfield code="7">0</subfield>
    <subfield code="a">INV-055</subfield>
    <subfield code="b">INV-055</subfield>
    <subfield code="c">GENERAL</subfield>
    <subfield code="d">2023-08-22</subfield>
    <subfield code="e">DON</subfield>
    <subfield code="f">1a ed.</subfield>
    <subfield code="h">[V.2]</subfield>
    <subfield code="k">CSA</subfield>
    <subfield code="l">0</subfield>
    <subfield code="o">DS721 C56 2011</subfield>
    <subfield code="p">IIE000006872</subfield>
    <subfield code="r">2023-08-22 00:00:00</subfield>
    <subfield code="t">1</subfield>
    <subfield code="v">1.00</subfield>
    <subfield code="y">LIB</subfield>
  </datafield>
  <datafield tag="952" ind1=" " ind2=" ">
    <subfield code="1">0</subfield>
    <subfield code="2">lcc</subfield>
    <subfield code="4">0</subfield>
    <subfield code="7">0</subfield>
    <subfield code="a">INV-055</subfield>
    <subfield code="b">INV-055</subfield>
    <subfield code="c">GENERAL</subfield>
    <subfield code="d">2023-08-22</subfield>
    <subfield code="e">DON</subfield>
    <subfield code="f">1a ed.</subfield>
    <subfield code="h">[V.4]</subfield>
    <subfield code="k">CSA</subfield>
    <subfield code="l">0</subfield>
    <subfield code="o">DS721 C56 2011</subfield>
    <subfield code="p">IIE000006861</subfield>
    <subfield code="r">2023-08-22 00:00:00</subfield>
    <subfield code="t">1</subfield>
    <subfield code="v">1.00</subfield>
    <subfield code="y">LIB</subfield>
  </datafield>
  <datafield tag="952" ind1=" " ind2=" ">
    <subfield code="1">0</subfield>
    <subfield code="2">lcc</subfield>
    <subfield code="4">0</subfield>
    <subfield code="7">0</subfield>
    <subfield code="a">INV-055</subfield>
    <subfield code="b">INV-055</subfield>
    <subfield code="c">GENERAL</subfield>
    <subfield code="d">2023-08-22</subfield>
    <subfield code="e">DON</subfield>
    <subfield code="f">1a ed.</subfield>
    <subfield code="h">[V.4]</subfield>
    <subfield code="k">CSA</subfield>
    <subfield code="l">0</subfield>
    <subfield code="o">DS721 C56 2011</subfield>
    <subfield code="p">IIE000006860</subfield>
    <subfield code="r">2023-08-22 00:00:00</subfield>
    <subfield code="t">2</subfield>
    <subfield code="v">1.00</subfield>
    <subfield code="y">LIB</subfield>
  </datafield>
  <datafield tag="952" ind1=" " ind2=" ">
    <subfield code="1">0</subfield>
    <subfield code="2">lcc</subfield>
    <subfield code="4">0</subfield>
    <subfield code="7">0</subfield>
    <subfield code="a">INV-055</subfield>
    <subfield code="b">INV-055</subfield>
    <subfield code="c">GENERAL</subfield>
    <subfield code="d">2023-08-22</subfield>
    <subfield code="e">DON</subfield>
    <subfield code="f">1a ed.</subfield>
    <subfield code="h">[V.4]</subfield>
    <subfield code="k">CSA</subfield>
    <subfield code="l">0</subfield>
    <subfield code="o">DS721 C56 2011</subfield>
    <subfield code="p">IIE000006859</subfield>
    <subfield code="r">2023-08-22 00:00:00</subfield>
    <subfield code="t">3</subfield>
    <subfield code="v">1.00</subfield>
    <subfield code="y">LIB</subfield>
  </datafield>
  <datafield tag="952" ind1=" " ind2=" ">
    <subfield code="1">0</subfield>
    <subfield code="2">lcc</subfield>
    <subfield code="4">0</subfield>
    <subfield code="7">0</subfield>
    <subfield code="a">INV-055</subfield>
    <subfield code="b">INV-055</subfield>
    <subfield code="c">GENERAL</subfield>
    <subfield code="d">2023-08-22</subfield>
    <subfield code="e">DON</subfield>
    <subfield code="f">1a ed.</subfield>
    <subfield code="h">[V.6]</subfield>
    <subfield code="k">CSA</subfield>
    <subfield code="l">0</subfield>
    <subfield code="o">DS721 C56 2011</subfield>
    <subfield code="p">IIE000006869</subfield>
    <subfield code="r">2023-08-22 00:00:00</subfield>
    <subfield code="t">1</subfield>
    <subfield code="v">1.00</subfield>
    <subfield code="y">LIB</subfield>
  </datafield>
  <datafield tag="952" ind1=" " ind2=" ">
    <subfield code="1">0</subfield>
    <subfield code="2">lcc</subfield>
    <subfield code="4">0</subfield>
    <subfield code="7">0</subfield>
    <subfield code="a">INV-055</subfield>
    <subfield code="b">INV-055</subfield>
    <subfield code="c">GENERAL</subfield>
    <subfield code="d">2023-08-22</subfield>
    <subfield code="e">DON</subfield>
    <subfield code="f">1a ed.</subfield>
    <subfield code="h">[V.8]</subfield>
    <subfield code="k">CSA</subfield>
    <subfield code="l">0</subfield>
    <subfield code="o">DS721 C56 2011</subfield>
    <subfield code="p">IIE000006854</subfield>
    <subfield code="r">2023-08-22 00:00:00</subfield>
    <subfield code="t">1</subfield>
    <subfield code="v">1.00</subfield>
    <subfield code="y">LIB</subfield>
  </datafield>
  <datafield tag="952" ind1=" " ind2=" ">
    <subfield code="1">0</subfield>
    <subfield code="2">lcc</subfield>
    <subfield code="4">0</subfield>
    <subfield code="7">0</subfield>
    <subfield code="a">INV-055</subfield>
    <subfield code="b">INV-055</subfield>
    <subfield code="c">GENERAL</subfield>
    <subfield code="d">2023-08-22</subfield>
    <subfield code="e">DON</subfield>
    <subfield code="f">1a ed.</subfield>
    <subfield code="h">[V.10]</subfield>
    <subfield code="k">CSA</subfield>
    <subfield code="l">0</subfield>
    <subfield code="o">DS721 C56 2011</subfield>
    <subfield code="p">IIE000006871</subfield>
    <subfield code="r">2023-08-22 00:00:00</subfield>
    <subfield code="t">1</subfield>
    <subfield code="v">1.00</subfield>
    <subfield code="y">LIB</subfield>
  </datafield>
  <datafield tag="952" ind1=" " ind2=" ">
    <subfield code="1">0</subfield>
    <subfield code="2">lcc</subfield>
    <subfield code="4">0</subfield>
    <subfield code="7">0</subfield>
    <subfield code="a">INV-055</subfield>
    <subfield code="b">INV-055</subfield>
    <subfield code="c">GENERAL</subfield>
    <subfield code="d">2023-08-22</subfield>
    <subfield code="e">DON</subfield>
    <subfield code="f">1a ed.</subfield>
    <subfield code="h">[V.12]</subfield>
    <subfield code="k">CSA</subfield>
    <subfield code="l">0</subfield>
    <subfield code="o">DS721 C56 2011</subfield>
    <subfield code="p">IIE000006870</subfield>
    <subfield code="r">2023-08-22 00:00:00</subfield>
    <subfield code="t">1</subfield>
    <subfield code="v">1.00</subfield>
    <subfield code="y">LIB</subfield>
  </datafield>
</record>
